000 00370nam a2200157Ia 4500
008 230711s9999||||xx |||||||||||||| ||und||
041 _aENG
082 _a621
_bGU-E
100 _aGupta,J.B
245 0 _aElectrical technology
250 _a2nd Ed.
260 _c2007
_aNew Delhi
_bS.K Kataria & Sons
300 _a517
650 _aElectrical Engineering
942 _cBK
999 _c4929
_d4929